000 00590nam a2200265Ia 4500
005 20260306164543.0
008 008 260114s9999 xx 000 0 eng d
020 _a9780300135114
037 _aEBOOK
040 _aCRL
040 _beng
040 _cCRL
041 _2eng
041 _aeng
084 _qCRL
100 _aKivy
245 4 _aThe Possessor And The Possessed
260 _bYale University Press
260 _c2013
650 _aMusic
856 _uhttps://academic.oup.com/book/18603
942 _cEBOOK
999 _c1714495
_d1714495